География России (Запись № 10255110)

Подробности
000 -МАРКЕР
контрольное поле 01987nam0a2200433 i 4500
001 - ИДЕНТИФИКАТОР ЗАПИСИ
контрольное поле RU\NLR\BIBL_A\010530530
005 - ИДЕНТИФИКАТОР ВЕРСИИ
контрольное поле 20241105062926.0
010 ## - МЕЖДУНАРОДНЫЙ СТАНДАРТНЫЙ НОМЕР КНИГИ (ISBN)
Номер (ISBN) 9785360053064
Тираж 5000
021 ## - НОМЕР ГОСУДАРСТВЕННОЙ РЕГИСТРАЦИИ
Код страны Российская Федерация
Номер 2014-67529
Номер Листа государственной регистраци 4134
035 ## - ДРУГИЕ СИСТЕМНЫЕ НОМЕРА
Идентификатор записи (NILC)RuMoRGB-007547969
035 ## - ДРУГИЕ СИСТЕМНЫЕ НОМЕРА
Идентификатор записи (NLR Aleph) 010530530
100 ## - ДАННЫЕ ОБЩЕЙ ОБРАБОТКИ
Данные общей обработки 20141114d2014 e y0rusy50 ca
101 0# - ЯЗЫК РЕСУРСА
Язык текста, звукозаписи и т.д. русский
102 ## - СТРАНА ПУБЛИКАЦИИ ИЛИ ПРОИЗВОДСТВА
Страна публикации Российская Федерация
105 ## - ПОЛЕ КОДИРОВАННЫХ ДАННЫХ: ТЕКСТОВЫЕ МАТЕРИАЛЫ, МОНОГРАФИЧЕСКИЕ
Кодированные данные о монографическом текстовом документе abc|j|||000yy
200 1# - ЗАГЛАВИЕ И СВЕДЕНИЯ ОБ ОТВЕТСТВЕННОСТИ
Основное заглавие География России
Наименование части Природа. Население
Сведения, относящиеся к заглавию 8 класс
-- учебник для учащихся общеобразовательных организаций
Первые сведения об ответственности В. Б. Пятунин, Е. А. Таможняя
Последующие сведения об ответственности под общ. ред. чл.-кор. РАО В. П. Дронова
205 ## - СВЕДЕНИЯ ОБ ИЗДАНИИ
Сведения об издании 4-е изд., дораб. и доп.
210 ## - ПУБЛИКАЦИЯ, РАСПРОСТРАНЕНИЕ И ДР.
Место издания, распространения и т.д. Москва
Имя издателя, распространителя и т. д. Вентана-Граф
Дата издания, распространения и т.д. 2014
215 ## - ФИЗИЧЕСКАЯ ХАРАКТЕРИСТИКА
Специфическое обозначение материала и объем 334, [1] с.
Другие сведения о физической характеристике ил., цв. ил., портр., карт.
Размеры 22
225 1# - СЕРИЯ
Основное заглавие серии Алгоритм успеха
225 1# - СЕРИЯ
Основное заглавие серии ФГОС
225 1# - СЕРИЯ
Основное заглавие серии География
300 ## - ОБЩИЕ ПРИМЕЧАНИЯ
Текст примечания На обл. загл. отсутствует
320 ## - ПРИМЕЧАНИЯ О НАЛИЧИИ В ДОКУМЕНТЕ БИБЛИОГРАФИИ / УКАЗАТЕЛЯ
Текст примечания Список интернет-ресурсов: с. 330
606 1# - НАИМЕНОВАНИЕ ТЕМЫ КАК ПРЕДМЕТ
Наименование темы Природа
Формальный подзаголовок Учебники для средней школы
Географический подзаголовок Российская Федерация
Системный номер авторитетной/нормативной записи 2012186
Идентификатор авторитетной/нормативной записи RU\NLR\AUTH\66925393
607 ## - ГЕОГРАФИЧЕСКОЕ НАИМЕНОВАНИЕ КАК ПРЕДМЕТ
Географическое наименование Российская Федерация
Формальный подзаголовок Учебники для средней школы
Тематический подзаголовок Население
Системный номер авторитетной/нормативной записи 2079969
Идентификатор авторитетной/нормативной записи RU\NLR\AUTH\661255872
675 ## - УНИВЕРСАЛЬНАЯ ДЕСЯТИЧНАЯ КЛАССИФИКАЦИЯ (UDC/УДК)
Индекс 373.167.1:91(470)
675 ## - УНИВЕРСАЛЬНАЯ ДЕСЯТИЧНАЯ КЛАССИФИКАЦИЯ (UDC/УДК)
Индекс 91(470)(075.3)
686 1# - ИНДЕКСЫ ДРУГИХ КЛАССИФИКАЦИЙ
Индекс Д829(2Р)я72-1
686 1# - ИНДЕКСЫ ДРУГИХ КЛАССИФИКАЦИЙ
Индекс С73(2Р)74я73
700 #1 - ИМЯ ЛИЦА - ПЕРВИЧНАЯ ОТВЕТСТВЕННОСТЬ
Начальный элемент ввода Пятунин
Часть имени, кроме начального элемента ввода В. Б.
Расширение инициалов личного имени Владимир Борисович
701 #1 - ИМЯ ЛИЦА - АЛЬТЕРНАТИВНАЯ ОТВЕТСТВЕННОСТЬ
Начальный элемент ввода Таможняя
Часть имени, кроме начального элемента ввода Е. А.
Расширение инициалов личного имени Елена Александровна
801 #0 - ИСТОЧНИК ЗАПИСИ
Страна Российская Федерация
Организация RuMoRKP
Дата составления 20101018
Правила каталогизации RCR
801 #2 - ИСТОЧНИК ЗАПИСИ
Страна Российская Федерация
Организация РГБ
Дата составления 20140905
Правила каталогизации rcr
942 ## - ДОПОЛНИТЕЛЬНЫЕ ЭЛЕМЕНТЫ ЗАПИСИ (АБИС)
Тип экземпляра АБИС Книга
980 ## - КОЛЛЕКЦИЯ
Название коллекции НБР

Нет доступных экземпляров.